| 000 | 00996cam a2200265 a 4500 | ||
|---|---|---|---|
| 001 | 000011174 | ||
| 003 | DO-SdBNP | ||
| 005 | 20250701104719.0 | ||
| 008 | 000615s1999 ve b 000 0 spa d | ||
| 020 | _a9806397916 | ||
| 040 |
_aDO-SdBNP _bspa _cBNPHU |
||
| 082 |
_a613.8 _bC569s |
||
| 245 | 0 | 0 |
_aCiencias sociales y salud en América Latina : _bun balance / _ccoordinador Roberto Briceño León ; traducción del inglés José Peralta ; traducción del portugués Julio de Freitas Taylor. |
| 260 |
_aCaracas : _bFundacion Polar ; _bLaboratorio de Ciencias Sociales, _c1999. |
||
| 300 |
_a392 p. : _bil. ; _c25 cm. |
||
| 650 | 4 |
_aPromoción de la salud _926697 |
|
| 650 | 0 |
_aAtención médica _914447 |
|
| 650 | 0 |
_aSalud pública _956565 |
|
| 650 | 4 |
_aServicios de salud preventiva _926698 |
|
| 700 | 1 | 2 |
_aBriceño León, Roberto. _926700 |
| 700 | 1 | 2 |
_aPeralta, José, _etr. _926701 |
| 700 | 1 | 2 |
_aFreitas Taylor, Julio de, _etr. _926702 |
| 710 | 1 | 2 |
_aFundacion Polar. _93571 |
| 942 |
_2ddc _cLBS1 |
||
| 999 |
_c10899 _d10899 |
||